000 00362 a2200169 4500
001 190127
020 _a978-85-08-10728-5
040 _cMagnum
100 _aSilveira, Maria José
240 1 0 _aCabeça de garota
_lpor
245 1 0 _aCabeça de garota
300 _a152
362 0 _a2007
440 1 _aÁtica
697 _aLITERATURA JUVENIL
942 _cBK
999 _c190127
_d190127